| 000 | 00744nam a22002297a 4500 | ||
|---|---|---|---|
| 003 | OSt | ||
| 005 | 20250811032016.0 | ||
| 008 | 240606b |||||||| |||| 00| 0 eng d | ||
| 020 | _a9786214092321 | ||
| 040 |
_aDWCL-Main lib. _cOC |
||
| 082 | _aFil. 515 V632c 2023 | ||
| 100 | _aVicencio, Christopher S. | ||
| 245 |
_aCalculus 1/ _cChristopher S. Vicencio [and two others] |
||
| 250 | _a2nd edition | ||
| 260 |
_aMandaluyong City, Philippines : _bBooks Atbp. Corporation, _cc2023. |
||
| 300 |
_aviii, 144 pages : _billustrations ; _c26cm. |
||
| 504 | _aIncludes bibliographical references. | ||
| 650 | _a1. Calculus. | ||
| 700 | _aSolomon, Roque L. | ||
| 700 | _aAmores Jr., Joy Cosme C. | ||
| 942 |
_2ddc _cBK - FIL _kFil. _n0 _e2nd edition |
||
| 999 |
_c251 _d251 |
||